000 00346nam a2200121Ia 4500
008 210430s9999 xx 000 0 und d
082 _a355 T255I
100 _aKhalid Ullah (editor)
_9130055
245 _aMilitary Technologist /
_cKhalid ullah (editor)
260 _aRawalpindi
_bPap-Board Printers pvt ltd.
300 _a112
942 _cBK
_2ddc
999 _c565216
_d565216